| 000 | 00647nam a2200229Ia 4500 | ||
|---|---|---|---|
| 003 | GCL | ||
| 008 | 140319s9999 xx 000 0 ara d | ||
| 040 |
_aGCL / _cGCL |
||
| 082 | 0 | 4 |
_a320.5 _bص ق |
| 100 | 1 | _aصلاح ذكى احمد | |
| 245 | 1 | 0 |
_aقاموس الناصرية / _cصلاح ذكى احمد |
| 260 |
_a[S.N] : _bدار المستقبل العربى ، _c1985 |
||
| 300 | _a199 ص | ||
| 490 | _a | ||
| 650 | 0 | 4 | _aالعصر الحديث |
| 650 | 0 | 4 | _aمصر |
| 650 | 0 | 4 | _aتاريخ |
| 650 | 0 | 4 | _aالاحوال السياسية |
| 650 | 0 | 4 | _aالناصرية |
| 650 | 0 | 4 | _aجمال عبدالناصر |
| 942 |
_2ddc _cBK |
||
| 999 |
_c55628 _d55628 |
||